000 01422cad a2200241 4500
001 L158405
008 040913n2014 000 0 eng u
035 _a(Sirsi) u158405
041 _aeng
110 2 _aRoyal Institution of Chartered Surveyors
_94900
245 0 4 _aThe future financing of real estate development in cities
_h[electronic resource]
260 _aLondon
_bRICS
_c2014
490 0 _aRICS Research
520 _aDraws on an improved understanding of how cities can be better financed to meet challenges over the short and long-term - economic, social and environmental. This research project critically analyses the financing of cities by looking at San Francisco City and Bay Area examples of city finance that engage with real estate development. This research is needed to improve the way finance in urban spaces can maintain quality resources in economically constrained circumstances. These resources include market and affordable housing, water, energy, infrastructure, transport, industrial and commercial premises.
650 2 4 _aFINANCING
650 2 4 _aInnovative financing of real estate development
651 4 _aUnited States
_y1959-
690 _aFinance and taxation
690 _aPlanning and development
_96259
700 1 _aSquires, Graham
856 4 8 _uhttps://www.rics.org/Global/Financing_Cities_150914_dwl_aj.pdf
_zView the item free of charge from www.rics.org
942 _n0
999 _c115293
_d115293